[Event "Club Championships Major Open"]
[Site "Wellington Chess Club"]
[Date "2019.11.07"]
[Round "7.7"]
[White "Stracy, Don"]
[Black "Stannard, Bobby"]
[Result "1-0"]
[WhiteElo "1606"]
[BlackElo "1485"]

1. e4 e6 2. d4 d5 3. Nd2 c5 4. exd5 exd5 5. Ngf3 Nc6 6. Bb5 Bd7 7. O-O Qb6 8.
Qe2+ Be7 9. dxc5 Qxc5 10. Nb3 Qb6 11. Be3 Qc7 12. Rad1 Nf6 13. Rfe1 O-O 14. a3
a6 15. Bd3 Rfe8 16. h3 d4 17. Nbxd4 Nxd4 18. Nxd4 Bc5 19. c3 Nd5 20. Qd2 b5 21.
b4 Ba7 22. Rc1 Nb6 23. Bf4 Rxe1+ 24. Rxe1 Qc8 25. Qc2 Nc4 26. Bxh7+ Kf8 27. Be4
Bxd4 28. Bxa8 Bf6 29. Be4 Nxa3 30. Bd6+ Kg8 31. Qc1 Nc4 32. Bc5 Ne5 33. Qf4 Bc6
34. Bxc6 Nd3 35. Qe3 Nxe1 36. Qxe1 Qxc6 37. Qe3 Qe6 38. Qxe6 fxe6 39. Kf1 Bxc3
40. Ke2 Kf7 41. Kd3 Ba1 42. Bd4 Bxd4 43. Kxd4 Ke7 44. Kc5 Kd7 45. Kb6 Kd6 46.
Kxa6 Kc6 47. f4 g6 48. g4 Kc7 49. Kxb5 Kb7 50. h4 Kc7 51. h5 1-0

[Event "Club Championships Major Open"]
[Site "Wellington Chess Club"]
[Date "2019.11.07"]
[Round "7.8"]
[White "Farrington, Lawrence"]
[Black "Hurndell, Robert"]
[Result "1-0"]
[WhiteElo "1706"]
[BlackElo "1545"]

1. e4 d5 2. exd5 Nf6 3. d4 Nxd5 4. c4 Nb6 5. Nc3 Nc6 6. Be3 e6 7. Nf3 Bb4 8. a3
Bxc3+ 9. bxc3 Bd7 10. Be2 Ne7 11. Ne5 Nf5 12. O-O O-O 13. a4 Nxe3 14. fxe3 f6
15. Nxd7 Qxd7 16. a5 Nc8 17. Bf3 c6 18. Qb3 Nd6 19. Rad1 Nf5 20. Rde1 Rab8 21.
e4 Nh6 22. d5 cxd5 23. cxd5 e5 24. c4 Qd6 25. Qb5 Rfc8 26. Rc1 Rc5 27. Qb4 Qc7
28. Rc3 Qxa5 29. Qxa5 Rxa5 30. c5 Rc8 31. Rfc1 Kf7 32. Kf2 Rb5 33. h3 g6 34.
Be2 Rb2 35. Kf3 Ng8 36. Bc4 Kf8 37. Bb3 Ne7 38. Bd1 Ke8 39. Rd3 Kd8 40. Rdc3 a5
41. Ra3 Ra8 42. Be2 f5 43. Bc4 fxe4+ 44. Kxe4 Rxg2 45. Kxe5 Rf2 46. Rcc3 h5 47.
Rcb3 Ra7 48. Rf3 Rxf3 49. Rxf3 a4 50. Rf8+ 1-0

[Event "Club Championships Major Open"]
[Site "Wellington Chess Club"]
[Date "2019.11.07"]
[Round "7.10"]
[White "Stannard, Lars"]
[Black "Ackroyd, William"]
[Result "1-0"]
[WhiteElo "1485"]
[BlackElo "1277"]

1. d4 f5 2. Nf3 Nf6 3. Bf4 g6 4. e3 Bg7 5. Bc4 d5 6. Bb3 O-O 7. Nbd2 b6 8. c4
Ba6 9. O-O h6 10. Re1 g5 11. Be5 Nc6 12. Bxf6 exf6 13. h3 Ne7 14. cxd5 Kh7 15.
Qc2 Nxd5 16. Qxf5+ Kh8 17. Bxd5 1-0

[Event "Club Championships Major Open"]
[Site "Wellington Chess Club"]
[Date "2019.11.07"]
[Round "7.11"]
[White "Van der Hoorn, Thomas"]
[Black "Osborne, Geoff"]
[Result "1-0"]
[WhiteElo "1807"]
[BlackElo "1287"]

1. e4 e5 2. Nf3 Nc6 3. Bb5 a6 4. Ba4 Nf6 5. O-O Be7 6. Re1 b5 7. Bb3 d6 8. d3
Bg4 9. h3 Bh5 10. c3 Na5 11. Bc2 c5 12. a4 b4 13. b3 bxc3 14. Nxc3 Nc6 15. Be3
Nd4 16. Bxd4 exd4 17. Nd5 Nxd5 18. exd5 O-O 19. Rb1 Re8 20. b4 Bg5 21. Rxe8+
Qxe8 22. g4 Bg6 23. Nxg5 f6 24. Ne6 Ra7 25. bxc5 dxc5 26. Nxc5 Bf7 27. Ne6 Kh8
28. Qd2 g5 29. Re1 Qg8 30. Nxd4 Bxd5 31. Qe3 Ra8 32. Qe7 Qg6 33. Nf5 Rb8 34.
Qd6 Re8 35. Rxe8+ Qxe8 36. Qxf6+ 1-0

[Event "Club Championships Major Open"]
[Site "Wellington Chess Club"]
[Date "2019.11.07"]
[Round "7.12"]
[White "Shepherd, Blake"]
[Black "Asher, Bruce"]
[Result "1-0"]
[WhiteElo "1100"]
[BlackElo "1178"]

1. d4 d5 2. c4 Nf6 3. Nc3 Nc6 4. Nf3 Bf5 5. e3 e6 6. Bd3 Ne4 7. Ne5 Nxe5 8.
dxe5 Bb4 9. Qa4+ c6 10. Qxb4 a5 11. Qxb7 Rc8 12. cxd5 Nc5 13. Qa7 Nxd3+ 14. Ke2
cxd5 15. Nb5 O-O 16. Nd6 Rc2+ 17. Bd2 Bg6 18. Qd4 Nxf2 19. Kxf2 Qb8 20. b3 Qb4
21. Qxb4 axb4 22. Ke1 Rd8 23. Rc1 Rxc1+ 24. Bxc1 f6 25. Bd2 Rd7 26. Bxb4 Rc7
27. Ke2 fxe5 28. g4 Rc2+ 29. Kf3 e4+ 30. Kf4 Rf2+ 31. Ke5 Bf7 32. Rc1 g5 33.
Nb7 Rxh2 34. Kf6 Rh6+ 35. Kxg5 Rg6+ 36. Kf4 Rf6+ 37. Ke5 Rg6 38. Rc8+ Kg7 39.
Bf8+ Kh8 40. Nd6 Rg5+ 41. Kf6 Rxg4 42. Nxf7+ 1-0

[Event "Club Championships Major Open"]
[Site "Wellington Chess Club"]
[Date "2019.11.14"]
[Round "8.1"]
[White "Wojnar, Maciej"]
[Black "Webster, Jamie"]
[Result "0-1"]
[WhiteElo "2000"]
[BlackElo "1701"]

1. e4 e5 2. d4 exd4 3. Qxd4 Nc6 4. Qe3 Bb4+ 5. Nc3 Qe7 6. Bd2 Nf6 7. O-O-O O-O
8. f3 a5 9. g4 a4 10. g5 Nh5 11. Nd5 Bxd2+ 12. Rxd2 Qd8 13. f4 Ne7 14. Be2 Nxd5
15. Rxd5 g6 16. Bxh5 gxh5 17. Nh3 Qe7 18. f5 c6 19. Rd4 a3 20. b3 d5 21. Nf4
Bxf5 22. Nxh5 dxe4 23. Nf6+ Kh8 24. Qf4 Ra5 25. b4 Re5 26. Re1 e3 27. Qh4 c5
28. Rf4 Bg6 29. Qh6 Qd6 30. Re2 Rd8 31. Rf1 Qd4 0-1

[Event "Club Championships Major Open"]
[Site "Wellington Chess Club"]
[Date "2019.11.14"]
[Round "8.2"]
[White "Ashe, Michael"]
[Black "Stone, Andrew"]
[Result "0-1"]
[WhiteElo "1662"]
[BlackElo "2074"]

1. d4 Nf6 2. c4 g6 3. Nc3 d5 4. cxd5 Nxd5 5. e4 Nxc3 6. bxc3 Bg7 7. Bg5 c5 8.
Rc1 Nc6 9. d5 Na5 10. Bb5+ Bd7 11. Qa4 b6 12. Bxd7+ Qxd7 13. Qxd7+ Kxd7 14. c4
f5 15. f3 Nb7 16. Ne2 fxe4 17. fxe4 Nd6 18. Ng3 Be5 19. Bh4 h6 20. Nf1 Nxe4 21.
Bg3 Bd4 22. Nd2 Be3 23. Rc2 Bxd2+ 24. Rxd2 Nxd2 25. Kxd2 Rhf8 26. a4 Rf6 27.
Ke2 Raf8 28. Rb1 Kc8 29. a5 Kb7 30. Rb2 Rf1 31. Ke3 Rd1 32. Bf2 Rd4 33. Rc2
Rff4 34. Re2 Rde4+ 35. Kd3 Rxe2 36. Kxe2 Rxc4 37. Kd3 Rg4 38. g3 Ra4 0-1

[Event "Club Championships Major Open"]
[Site "Wellington Chess Club"]
[Date "2019.11.14"]
[Round "8.3"]
[White "Carroll, Lewis"]
[Black "Wojnar, Jacek"]
[Result "0-1"]
[WhiteElo "1422"]
[BlackElo "1800"]

1. Nf3 d5 2. e3 Nf6 3. c4 e6 4. Nc3 Bd6 5. cxd5 exd5 6. b3 O-O 7. Bb2 Nbd7 8.
Be2 c6 9. Nd4 Nc5 10. d3 Qc7 11. b4 Ne6 12. Nxe6 Bxe6 13. a3 Rfe8 14. h3 Rad8
15. Rc1 Qd7 16. Qa4 a6 17. f4 d4 18. Ne4 Nxe4 19. dxe4 dxe3 20. O-O Bxh3 21.
gxh3 Qxh3 22. Bf3 Bxf4 23. Rc2 Rd2 24. Rxd2 exd2 25. Rf2 Be3 0-1

[Event "Club Championships Major Open"]
[Site "Wellington Chess Club"]
[Date "2019.11.14"]
[Round "8.4"]
[White "Brockway, Andrew"]
[Black "Mullan, Brett"]
[Result "0-1"]
[WhiteElo "1836"]
[BlackElo "1825"]

1. e4 c5 2. Nc3 e6 3. f4 Nc6 4. Bb5 Nd4 5. Bc4 a6 6. Bb3 Ne7 7. Nf3 Nxb3 8.
axb3 Nc6 9. O-O Be7 10. d3 O-O 11. Qe2 b6 12. Nd1 Bb7 13. Ne3 Qc7 14. f5 Nd4
15. Nxd4 cxd4 16. Ng4 f6 17. Bf4 e5 18. Bd2 Rac8 19. Rac1 d5 20. Nf2 Qd7 21.
Qg4 Kh8 22. c4 dxe4 23. Nxe4 Rg8 24. Qh4 Rcf8 25. Rf3 g5 26. Qg4 Rg6 27. Rh3
Rg7 28. Rf1 Rc8 29. Rh6 Bxe4 30. Qxe4 Qc6 31. Qxc6 Rxc6 32. g4 b5 33. Ra1 bxc4
34. bxc4 Rb6 35. Ra2 Bf8 36. Rh3 Rgb7 37. Bc1 Bb4 38. Rf3 a5 39. Rf2 Kg7 40.
Re2 Re7 41. Re4 Rb8 42. Re2 Rh8 43. Bd2 h5 44. Bxb4 axb4 45. h3 hxg4 46. hxg4
Rh3 47. Rh2 Rxd3 48. Rh5 Rg3+ 49. Kf2 Rxg4 50. Ra8 Rf4+ 51. Ke2 Rh4 52. Rxh4
gxh4 53. Rb8 Kh6 54. Rxb4 Kg5 55. Rb3 Kxf5 56. Rf3+ Kg5 57. Kf2 Rb7 58. b3 e4
0-1

[Event "Club Championships Major Open"]
[Site "Wellington Chess Club"]
[Date "2019.11.14"]
[Round "8.5"]
[White "Rabina, Romeo"]
[Black "Stracy, Don"]
[Result "1/2-1/2"]
[WhiteElo "1647"]
[BlackElo "1606"]

1. b3 g6 2. Bb2 Nf6 3. d3 Bg7 4. e4 d6 5. Ne2 O-O 6. Nbc3 c5 7. h3 Nc6 8. Qd2
Bd7 9. g3 a6 10. Bg2 b5 11. O-O Rb8 12. Nd1 e5 {Draw agreed!} 1/2-1/2

[Event "Club Championships Major Open"]
[Site "Wellington Chess Club"]
[Date "2019.11.14"]
[Round "8.6"]
[White "Kibblewhite, Daniel"]
[Black "Farrington, Lawrence"]
[Result "0-1"]
[WhiteElo "1537"]
[BlackElo "1706"]

1. d4 d5 2. c4 Nc6 3. Nf3 Nf6 4. cxd5 Nxd5 5. e4 Nf6 6. Nc3 e6 7. Bb5 Bd7 8.
O-O a6 9. Ba4 Be7 10. Re1 O-O 11. d5 exd5 12. exd5 Na7 13. Bb3 Nb5 14. Bf4 Nxc3
15. bxc3 Bg4 16. c4 Bd6 17. Bg5 h6 18. Bd2 Qd7 19. Qc1 Bxf3 20. gxf3 Qh3 21.
Bf4 Qxf3 22. Bxd6 cxd6 23. Qe3 Qxe3 24. Rxe3 Rfe8 25. Rae1 Kf8 26. Ba4 Rxe3 27.
Rxe3 Rc8 28. Bb3 Ng4 29. Re4 Ne5 30. a4 Nd7 31. Re3 Nc5 32. Bc2 Re8 33. Kg2 g6
34. Kf3 Rxe3+ 35. fxe3 f5 36. Kf4 Kf7 37. a5 Kf6 38. e4 g5+ 39. Kf3 fxe4+ 40.
Bxe4 h5 41. Bc2 Ke5 42. Ke3 h4 43. Bd1 Kf5 44. h3 Ke5 45. Bc2 Kf6 46. Kd4 g4
47. hxg4 h3 48. Bd1 h2 49. Bf3 Nb3+ 50. Kc3 Nxa5 51. Kb4 b6 52. Kc3 Nb7 53. Kd4
Nc5 54. Ke3 Nd7 55. Bh1 Ne5 56. Kf4 Nxc4 57. Kg3 Kg5 58. Bf3 Ne3 59. Kxh2 a5
60. Kg3 a4 61. Be4 a3 62. Bb1 Nxd5 63. Kf3 Nc3 0-1

[Event "Club Championships Major Open"]
[Site "Wellington Chess Club"]
[Date "2019.11.14"]
[Round "8.7"]
[White "Enegbuma, Wallace"]
[Black "Dixon, Hamish"]
[Result "1-0"]
[WhiteElo "1777"]
[BlackElo "1681"]

1. e4 c5 2. Nf3 d6 3. Bc4 Nf6 4. d3 Nc6 5. Nc3 e6 6. Bg5 Be7 7. Qd2 a6 8. a4
Bd7 9. Ne2 O-O 10. h3 Na5 11. Ba2 Qb6 12. O-O Rac8 13. b3 Rfe8 14. g4 Nc6 15.
Ng3 Nd4 16. Nh2 e5 17. Be3 Bc6 18. f4 exf4 19. Rxf4 Ne6 20. Rf5 Bf8 21. Raf1
Re7 22. Qf2 Qc7 23. g5 Ne8 24. b4 f6 25. bxc5 Kh8 26. gxf6 Nxf6 27. cxd6 Qxd6
28. e5 1-0

[Event "Club Championships Major Open"]
[Site "Wellington Chess Club"]
[Date "2019.11.14"]
[Round "8.8"]
[White "Quayle, Jamie"]
[Black "Cooke, Xandi"]
[Result "1-0"]
[WhiteElo "1683"]
[BlackElo "1512"]

1. d4 d5 2. Nf3 Nc6 3. Bf4 Bf5 4. e3 e6 5. Nh4 Qxh4 6. Bxc7 Qe7 7. Bf4 Qb4+ 8.
c3 Qxb2 9. Nd2 Qxc3 10. h4 Ba3 11. g4 Bc2 12. Rc1 Bxc1 13. Qxc1 O-O-O 14. Rh3
Nb4 15. e4 Qc6 16. Qb2 Nxa2 17. Bb5 Bxe4 18. Bxc6 bxc6 19. Qxa2 Rd7 20. Rc3 Ne7
21. Rb3 Rb7 22. Qa6 1-0

[Event "Club Championships Major Open"]
[Site "Wellington Chess Club"]
[Date "2019.11.14"]
[Round "8.9"]
[White "Laking, Robert"]
[Black "Tarzwell, Caleb"]
[Result "1-0"]
[WhiteElo "1968"]
[BlackElo "1500"]

1. d4 d5 2. c4 c6 3. Nf3 Nf6 4. Nc3 e6 5. Qc2 Be7 6. e3 Nbd7 7. Be2 O-O 8. b3
a6 9. a4 Bb4 10. O-O Re8 11. Bb2 Re7 12. Rfd1 Re8 13. Nd2 c5 14. dxc5 Nxc5 15.
cxd5 Nxd5 16. Na2 Qa5 17. Nc4 Qc7 18. e4 Nxb3 19. Qxb3 Nf4 20. Nxb4 Nxe2+ 21.
Kf1 Nf4 22. Be5 1-0

[Event "Club Championships Major Open"]
[Site "Wellington Chess Club"]
[Date "2019.11.14"]
[Round "8.10"]
[White "Hurndell, Robert"]
[Black "Darr, Samuel"]
[Result "0-1"]
[WhiteElo "1545"]
[BlackElo "1567"]

1. e4 e6 2. d4 d5 3. Nc3 Bb4 4. exd5 exd5 5. Bd2 Nf6 6. Qe2+ Be6 7. Qb5+ Nc6 8.
Nf3 Qe7 9. O-O-O O-O 10. Qxb7 Na5 11. Qa6 Nc4 12. Bxc4 dxc4 13. Rhe1 Rfb8 14.
d5 Rb6 15. Qxc4 Ba3 16. Na4 Bxb2+ 17. Nxb2 Qa3 18. Bc3 Bxd5 19. Rxd5 Nxd5 20.
Qxd5 Rab8 21. Qe5 Qf8 22. Qxc7 R8b7 23. Qe5 Rb8 24. h4 Re6 25. Qa5 Rc6 26. Re3
Rb7 27. Qa4 Rc8 28. h5 h6 29. g4 Rbc7 30. Qd4 Rd8 31. Qe5 Rcd7 32. Nd4 Qa3 33.
Qa5 Qf8 34. Nf5 f6 35. Nd3 Kh7 36. Qb4 Qg8 37. Qb3 Qf8 38. Qa3 Qxa3+ 0-1

[Event "Club Championships Major Open"]
[Site "Wellington Chess Club"]
[Date "2019.11.14"]
[Round "8.11"]
[White "Ackroyd, William"]
[Black "Stoeveken, Peter"]
[Result "0-1"]
[WhiteElo "1277"]
[BlackElo "1827"]

1. e4 c5 2. Nf3 Nc6 3. d4 cxd4 4. Nxd4 e5 5. Nb5 a6 6. Nd6+ Bxd6 7. Qxd6 Qf6 8.
Qd1 Qg6 9. Qd3 b5 10. c3 Nf6 11. Nd2 Bb7 12. g3 Rd8 13. f4 exf4 14. gxf4 d5 15.
e5 Ne4 16. Nxe4 dxe4 17. Qg3 O-O 18. Bg2 Ne7 19. Be3 Rd3 20. Qxg6 Nxg6 21. Ke2
Nh4 22. Bh3 f5 23. Rhd1 Rfd8 24. Bf1 R3d5 25. Rxd5 Bxd5 26. Rd1 Bc4+ 0-1

[Event "Club Championships Major Open"]
[Site "Wellington Chess Club"]
[Date "2019.11.14"]
[Round "8.12"]
[White "Osborne, Geoff"]
[Black "Asher, Bruce"]
[Result "0-1"]
[WhiteElo "1287"]
[BlackElo "1178"]

1. e4 e5 2. Nf3 Nc6 3. Bc4 Nf6 4. d3 d5 5. exd5 Nxd5 6. c3 Be6 7. O-O Bc5 8.
Re1 f6 9. Nbd2 Qd7 10. Ne4 Bb6 11. a3 Nf4 12. Bxe6 Qxe6 13. b4 O-O-O 14. Bxf4
exf4 15. Qc2 Ne5 16. Nxe5 fxe5 17. Rad1 c6 18. Ng5 Qe7 19. Nf3 Bc7 20. Re4 g5
21. d4 Qg7 22. Qe2 Rhe8 23. b5 cxb5 24. d5 g4 25. Nh4 Qg5 26. g3 Rf8 27. Qxb5
fxg3 28. hxg3 Qf6 29. Rf1 Bb6 30. Qe2 Rxd5 31. Qxg4+ Kb8 32. Qe2 Qg5 33. Kg2
Rc5 34. Rd1 Rxc3 35. Kg1 Qxg3+ {White lost on time} 0-1

[Event "Club Championships Major Open"]
[Site "Wellington Chess Club"]
[Date "2019.11.21"]
[Round "9.1"]
[White "Stone, Andrew"]
[Black "Mullan, Brett"]
[Result "0-1"]
[WhiteElo "2074"]
[BlackElo "1825"]

1. e4 c5 2. d4 cxd4 3. c3 dxc3 4. Nxc3 Nc6 5. Nf3 d6 6. Bc4 e6 7. O-O Be7 8.
Qe2 a6 9. Rd1 Qc7 10. Bf4 Ne5 11. Bxe5 dxe5 12. Rac1 Qb8 13. Bb5+ Kf8 14. Na4
b6 15. Rxc8+ Qxc8 16. Nxb6 axb5 17. Nxc8 Rxc8 18. Qxb5 f6 19. Qb7 Re8 20. Rd7
Nh6 21. Kf1 Nf7 22. a4 Nd6 23. Qc6 Rc8 24. Rc7 Rxc7 25. Qxc7 Kf7 26. Nd2 Rc8
27. Qb6 Rc2 28. Ke1 Rxd2 29. a5 Rd4 30. f3 Nc4 31. Qc7 Nxa5 32. Kf1 Nb3 33. Qc3
Rb4 34. f4 Nd4 35. fxe5 fxe5 36. Qc7 Kf6 37. g4 Nf3 38. Kg2 Ng5 39. h4 Rxb2+
40. Kf1 Nxe4 41. g5+ Kf7 42. Ke1 Rb5 43. Qc2 Rb4 44. Qc7 Nd6 45. h5 Re4+ 46.
Kd1 Nf5 47. Qb7 Rg4 48. g6+ hxg6 49. hxg6+ Kxg6 50. Qc8 Kf6 51. Qe8 Rh4 52. Qg8
g5 53. Ke2 g4 54. Kf1 g3 55. Qa8 Rg4 56. Qh8+ Rg7 57. Kg2 e4 58. Qc8 e3 59.
Qc3+ e5 60. Qc6+ Kg5 61. Qe4 Bf6 62. Qc6 Rh7 63. Qc1 Rh2+ 64. Kf3 Rf2+ 65. Ke4
g2 66. Qg1 Rf4+ 67. Kd3 e4+ 68. Kc4 Rg4 69. Kd5 e2 0-1

[Event "Club Championships Major Open"]
[Site "Wellington Chess Club"]
[Date "2019.11.21"]
[Round "9.2"]
[White "Wojnar, Jacek"]
[Black "Webster, Jamie"]
[Result "1-0"]
[WhiteElo "1800"]
[BlackElo "1701"]

1. e4 e5 2. d4 exd4 3. Qxd4 Nc6 4. Qe3 Nf6 5. Nc3 Bb4 6. Bd2 O-O 7. O-O-O Re8
8. Bc4 d6 9. f3 Ne5 10. Bb3 a5 11. a3 Bc5 12. Qg5 Be6 13. Bxe6 Rxe6 14. Nge2
Qd7 15. Nf4 Ree8 16. Ncd5 Nxd5 17. Nxd5 Qd8 18. Qxd8 Rexd8 19. Nxc7 Ra7 20.
Rhe1 Rc8 21. Nb5 Ra6 22. Be3 Rac6 23. Bxc5 Rxc5 24. Nxd6 R8c7 25. Nc4 f6 26.
Nxe5 Rxc2+ 27. Kb1 fxe5 28. Rc1 Rxc1+ 29. Rxc1 Rxc1+ 30. Kxc1 b5 31. b4 a4 32.
Kd2 Kf7 33. Ke3 g5 34. g3 Kf6 35. f4 g4 36. Kf2 Ke6 37. Kg2 Kf6 38. h3 h5 39.
hxg4 hxg4 40. Kf2 Ke6 41. fxe5 Ke7 42. Ke3 Kf7 43. Kf4 Ke6 44. Kxg4 Kxe5 45.
Kf3 Ke6 46. Kf4 Kf6 47. g4 1-0

[Event "Club Championships Major Open"]
[Site "Wellington Chess Club"]
[Date "2019.11.21"]
[Round "9.3"]
[White "Wojnar, Maciej"]
[Black "Enegbuma, Wallace"]
[Result "1-0"]
[WhiteElo "2000"]
[BlackElo "1777"]

1. e4 c5 2. Nc3 e6 3. f4 a6 4. a4 Nc6 5. Bc4 g6 6. Nf3 Bg7 7. f5 Nge7 8. fxe6
dxe6 9. d3 b6 10. O-O O-O 11. Qe1 Nd4 12. Nxd4 Qxd4+ 13. Be3 Qd6 14. Qh4 Bb7
15. Bg5 Nc6 16. Rae1 Ne5 17. Bb3 Nc6 18. Kh1 Rae8 19. Re3 h5 20. Rh3 Nd4 21. g4
Nxb3 22. gxh5 gxh5 23. Bf6 Bxe4+ 24. dxe4 Bxf6 25. Qxh5 1-0

[Event "Club Championships Major Open"]
[Site "Wellington Chess Club"]
[Date "2019.11.21"]
[Round "9.5"]
[White "Stracy, Don"]
[Black "Quayle, Jamie"]
[Result "1-0"]
[WhiteElo "1606"]
[BlackElo "1683"]

1. e4 c6 2. Nc3 d5 3. Nf3 dxe4 4. Nxe4 Bf5 5. Ng3 Bg6 6. d4 e6 7. Bd3 Nf6 8.
Bf4 Nd5 9. Be3 Bb4+ 10. Ke2 Qb6 11. a3 Bc3 12. Bxg6 hxg6 13. Ne4 Bxb2 14. Rb1
f5 15. Nd6+ Ke7 16. Nc4 Qa6 17. Bg5+ Kf8 18. Qd3 Nc3+ 19. Kd2 Nxb1+ 20. Rxb1
Bxa3 21. Qxa3+ Qxa3 22. Nxa3 b5 23. Re1 Nd7 24. Rxe6 a5 25. Rxc6 b4 26. Nc4 a4
27. Kc1 Nf6 28. Bxf6 gxf6 29. Rxf6+ Kg7 30. Rb6 Rhb8 31. Rxb8 Rxb8 32. Kb1 Kf6
33. h4 Ke6 34. Kb2 Kd5 35. Ncd2 Re8 36. c4+ Kd6 37. Ne5 Re6 38. f4 Ke7 39. d5
Rd6 40. Ndf3 a3+ 41. Kb3 Ra6 42. Nc6+ Kd6 43. Nxb4 Ra8 44. Nd4 Kc5 45. Ne6+ Kd6
46. c5+ Kd7 47. Nd4 Ra5 48. Kc4 a2 49. Nb3 a1=Q 50. Nxa1 Rxa1 51. Kb5 Rg1 52.
c6+ Kd6 53. Kb6 Rb1 54. Kb5 Rb2 55. g3 Rb3 56. Kc4 Rxg3 57. Na6 Ra3 58. c7 Kd7
59. Kb5 Rb3+ 60. Kc5 Rf3 61. d6 Rxf4 62. Nb8+ Kc8 63. Nc6 Rf1 64. Ne7+ Kb7 65.
c8=Q+ Ka7 66. Nc6# 1-0

[Event "Club Championships Major Open"]
[Site "Wellington Chess Club"]
[Date "2019.11.21"]
[Round "9.6"]
[White "Carroll, Lewis"]
[Black "Ashe, Michael"]
[Result "1/2-1/2"]
[WhiteElo "1422"]
[BlackElo "1662"]

1. Nf3 d5 2. c4 c6 3. d4 Nf6 4. Bg5 Nbd7 5. a4 e6 6. Nc3 Bb4 7. Nd2 O-O 8. e4
dxe4 9. Ndxe4 Qa5 10. Bxf6 Bxc3+ 11. bxc3 Nxf6 12. Nxf6+ gxf6 13. Qf3 e5 14.
Ra3 exd4 15. Qxf6 dxc3 16. Rxc3 Bf5 17. Qg5+ 1/2-1/2

[Event "Club Championships Major Open"]
[Site "Wellington Chess Club"]
[Date "2019.11.21"]
[Round "9.7"]
[White "Kibblewhite, Daniel"]
[Black "Laking, Robert"]
[Result "0-1"]
[WhiteElo "1537"]
[BlackElo "1968"]

1. d4 d5 2. c4 c6 3. Nc3 Nf6 4. Bg5 Bf5 5. e3 e6 6. Nf3 Bd6 7. Be2 Nbd7 8. O-O
dxc4 9. Bxc4 Qc7 10. Nd2 Bxh2+ 11. Kh1 h6 12. Bxf6 gxf6 13. g3 Bxg3 14. fxg3
Qxg3 15. Qf3 Qh4+ 0-1

[Event "Club Championships Major Open"]
[Site "Wellington Chess Club"]
[Date "2019.11.21"]
[Round "9.8"]
[White "Stannard, Bobby"]
[Black "Brockway, Andrew"]
[Result "0-1"]
[WhiteElo "1485"]
[BlackElo "1836"]

1. e4 c5 2. Nf3 g6 3. c3 Bg7 4. d4 cxd4 5. cxd4 d5 6. Nc3 dxe4 7. Nxe4 Bg4 8.
Bb5+ Nd7 9. Be3 a6 10. Bxd7+ Bxd7 11. h3 Bc6 12. Ned2 Nf6 13. O-O O-O 14. Rc1
Nd5 15. Nb3 Ba4 16. Qd2 Bxb3 17. axb3 Qb6 18. Qd3 Rac8 19. Ne5 Qd6 20. Nc4 Qd8
21. Nd2 Qd7 22. Ne4 Nxe3 23. fxe3 Rfd8 24. Rfd1 Qd5 25. Nc3 Qxb3 26. Rd2 Qe6
27. Re1 Bxd4 28. Qc2 Bxe3+ 0-1

[Event "Club Championships Major Open"]
[Site "Wellington Chess Club"]
[Date "2019.11.21"]
[Round "9.9"]
[White "Darr, Samuel"]
[Black "Stannard, Lars"]
[Result "1/2-1/2"]
[WhiteElo "1567"]
[BlackElo "1485"]

1. e4 e5 2. Nf3 Nc6 3. Bc4 Bc5 4. O-O Nf6 5. c3 O-O 6. d4 exd4 7. cxd4 Bb6 8.
Nc3 d6 9. Bg5 h6 10. Bh4 Bg4 11. d5 Ne5 12. Be2 Ng6 13. Bxf6 Qxf6 14. h3 Bxf3
15. Bxf3 Bd4 16. Rc1 a6 17. Qb3 Rab8 18. Qc4 Bb6 19. Rc2 Qg5 20. Ne2 Ne5 21.
Qb3 f5 22. Rc3 Rf7 23. exf5 Rxf5 24. Be4 Rf7 25. Rg3 Qd2 26. Qc2 Qxc2 27. Bxc2
Rbf8 28. Rb3 Bxf2+ 29. Kh1 Bb6 30. Rxf7 Rxf7 31. Rc3 Ba5 32. Ra3 Bb6 33. Rc3
Ba5 34. Ra3 Bb6 35. Rc3 1/2-1/2

[Event "Club Championships Major Open"]
[Site "Wellington Chess Club"]
[Date "2019.11.21"]
[Round "9.10"]
[White "Van der Hoorn, Thomas"]
[Black "Ackroyd, William"]
[Result "1/2-1/2"]
[WhiteElo "1807"]
[BlackElo "1277"]

1. e4 e5 2. Nf3 Nc6 3. Bb5 Nf6 4. O-O Nxe4 5. d4 Nd6 6. Ba4 b5 7. dxe5 bxa4 8.
exd6 Bxd6 9. Re1+ Be7 10. Bg5 f6 11. Bh4 O-O 12. Qd5+ Kh8 13. Nc3 Bb4 14. Nd4
Nxd4 15. Qxd4 c5 16. Qd3 d5 17. a3 Bxc3 18. Qxc3 Qd6 19. Rad1 Be6 20. Bg3 Qc6
21. Qe3 Rae8 22. Qf3 Bf7 23. h3 Rxe1+ 24. Rxe1 Re8 25. Rd1 Qe6 26. Qc3 Qe2 27.
Qd2 Qxd2 28. Rxd2 Kg8 29. Kf1 Kf8 30. Re2 Rxe2 31. Kxe2 1/2-1/2

[Event "Club Championships Major Open"]
[Site "Wellington Chess Club"]
[Date "2019.11.28"]
[Round "5"]
[White "Ker, Anthony"]
[Black "Winter, Ryan"]
[Result "1-0"]
[WhiteElo "2451"]
[BlackElo "2087"]

1. e4 c6 2. d4 d5 3. exd5 cxd5 4. Bd3 Nc6 5. c3 Nf6 6. Bf4 g6 7. Nd2 Bf5 8.
Bxf5 gxf5 9. Ngf3 e6 10. Qb3 Qd7 11. Ne5 Nxe5 12. Bxe5 Be7 13. f3 Rg8 14. O-O
Nh5 15. g4 fxg4 16. fxg4 Rxg4+ 17. Kh1 f6 18. Qd1 Rg5 19. Nf3 Rf5 20. Ng1 Ng7
21. Rxf5 Nxf5 22. Qh5+ Kd8 23. Bf4 Bd6 24. Nh3 Kc7 25. Re1 Rg8 26. Qe2 Re8 27.
Qf3 a6 28. Bxd6+ Qxd6 29. Nf4 Re7 30. Nh5 Rf7 31. Nf4 Kd7 32. Rxe6 Qxe6 33.
Nxe6 Kxe6 34. c4 Ne7 35. Qb3 Ng6 36. cxd5+ Kd6 37. Qb6+ Ke7 38. Qxb7+ Kf8 39.
Qxa6 f5 40. d6 f4 41. Qc8+ Kg7 42. d7 f3 43. d8=Q 1-0

[Event "Club Championships Major Open"]
[Site "Wellington Chess Club"]
[Date "2019.11.28"]
[Round "6"]
[White "Jackson, Ross"]
[Black "Sole, Michael"]
[Result "1/2-1/2"]
[WhiteElo "1964"]
[BlackElo "2008"]

1. d4 Nf6 2. Nf3 d5 3. e3 e6 4. Bd3 b6 5. Qe2 Bb7 6. O-O Nbd7 7. Nbd2 Ne4 8. c3
Be7 9. Ne1 f5 10. f3 Nxd2 11. Bxd2 Nf6 12. Bb5+ c6 13. Ba4 O-O 14. Nd3 c5 15.
Ne5 Qc8 16. Rac1 Ba6 17. Bb5 Bxb5 18. Qxb5 c4 19. Qa4 Bd6 20. Qc2 Bxe5 21. dxe5
Nd7 22. f4 Nc5 23. Rb1 b5 24. Be1 Nd3 25. b4 a5 26. Bh4 Qb7 27. Rf3 axb4 28.
cxb4 Qa7 29. a4 Qxa4 30. Qc3 Qa3 31. Qd4 Qa7 32. Qc3 Rf7 33. h3 Qb6 34. Kh2
Rfa7 35. Qc2 Kf7 36. Qd1 g6 37. g4 Ra2+ 38. Kg3 R8a4 39. gxf5 gxf5 40. Bf6 Ra8
41. Kh4 Rg8 42. Rf1 Rag2 43. Qh5+ 1/2-1/2

[Event "Club Championships Major Open"]
[Site "Wellington Chess Club"]
[Date "2019.11.28"]
[Round "6"]
[White "Winfield, Alan"]
[Black "He, Paul"]
[Result "1-0"]
[WhiteElo "1906"]
[BlackElo "1885"]

1. d4 Nf6 2. Bf4 g6 3. Nc3 c5 4. d5 Bg7 5. e4 d6 6. Nf3 Qb6 7. Rb1 Qb4 8. a3
Qa5 9. Qd2 O-O 10. Be2 Nbd7 11. O-O a6 12. Bh6 b5 13. Bxg7 Kxg7 14. Qe3 Bb7 15.
Nd2 Rac8 16. f4 Qb6 17. Bf3 c4 18. Qxb6 Nxb6 19. Ne2 Rc7 20. Rfd1 Nfd7 21. Nc3
f5 22. g3 fxe4 23. Ndxe4 h6 24. Bg4 Nc5 25. Nxc5 dxc5 26. d6 exd6 27. Rxd6 Nc8
28. Bxc8 Bxc8 29. Nd5 Rd7 30. Rxd7+ Bxd7 31. Re1 Bf5 32. c3 Rd8 33. Re5 Kf7 34.
Kf2 Re8 35. Rxe8 Kxe8 36. Kf3 h5 37. Nf6+ Kf7 38. Ne4 Ke6 39. Nxc5+ 1-0

[Event "Club Championships Major Open"]
[Site "Wellington Chess Club"]
[Date "2019.11.28"]
[Round "10.1"]
[White "Mullan, Brett"]
[Black "Wojnar, Jacek"]
[Result "1-0"]
[WhiteElo "1825"]
[BlackElo "1800"]

1. e4 e5 2. Nf3 d6 3. d4 exd4 4. Nxd4 g6 5. Nc3 Bg7 6. Be3 Nf6 7. h3 Bd7 8. Qd2
Nc6 9. Bb5 Nxd4 10. Bxd7+ Nxd7 11. Bxd4 Bxd4 12. Qxd4 Qf6 13. O-O-O Qxd4 14.
Rxd4 O-O-O 15. f4 Nc5 16. g3 h5 17. Rf1 Rde8 18. b4 Ne6 19. Rc4 h4 20. g4 Kb8
21. a4 g5 22. f5 Nf4 23. Rf3 Re5 24. Kd2 Rhe8 25. Rd4 a6 26. Ke3 d5 27. Rxf4
gxf4+ 28. Kxf4 dxe4 29. Nxe4 b6 30. Nf6 Kc8 31. Nxe8 Rxe8 32. Kg5 Re2 33. Kxh4
Rxc2 34. Kg5 c5 35. bxc5 bxc5 36. Rd6 a5 37. Ra6 Kb7 38. Rxa5 Kb6 39. Rb5+ Kc6
40. h4 Ra2 41. Ra5 c4 42. Ra8 Kb7 43. Rf8 c3 44. Rxf7+ Kc6 45. Re7 Rd2 46. Re1
1-0